| 000 | 00421nam a22001577a 4500 | ||
|---|---|---|---|
| 003 | NUST - PNEC | ||
| 005 | 20170116181009.0 | ||
| 008 | 150909b xxu||||| |||| 00| 0 eng d | ||
| 040 | _cLIBRARY | ||
| 082 | _a621.38173 TOW | ||
| 100 |
_97864 _aTowers, T. D. |
||
| 245 |
_aTowers' International Op Amp Linear-IC selector _cT. D Towers |
||
| 260 | _c1982 | ||
| 650 |
_97988 _aIntegrated circuits _xEL, EE |
||
| 942 |
_2ddc _cBK |
||
| 999 |
_c66991 _d66991 |
||